000 00974nac a22002657a 4500
001 BR6002729
003 BR-BrBNA
005 20240105113044.0
008 230509b bl.|||m| |||| 00| 0 por d
040 _aBR-BrBNA
_bpor
_cBiblioteca Nacional de Agricultura
072 _aF00; E10
090 _a2110 BR6002729
110 1 _aComissao Executiva do Plano de Recuperacao Economico-Rural da Lavoura Cacaueira, Rio de Janeiro, GB (Brasil)
_92147
245 1 _aRelatorio 1969 [Comissao Executiva do Plano de Recuperacao Economico-Rural da Lavoura Cacaueira, Brasil]
260 3 _aRio de Janeiro, GB (Brasil):
_c1970.
300 _a93 p.
490 _aRelatorio - Comissao Executiva do Plano de Recuperacao Economico-Rural da Lavoura Cacaueira (Brazil)
_v
_x
650 _aCACAU
650 _aASSISTENCIA TECNICA
650 _aCREDITO RURAL
650 _aENSINO
650 _aEXTENSAO RURAL
909 _a202312
_bLúcia Elande
_c55
_dLúcia Elande
942 _2AGRIS
_n0
_cMS
999 _c261637
_d261637